Road Dogg's WrestleMania Opponents - Statistics

General Stats
  • This quiz has been taken 7 times
  • The average score is 8 of 10
Answer Stats
WrestleMania Opponent % Correct
WrestleMania XXX Dean Ambrose
100%
WrestleMania 2000 Kane
100%
WrestleMania XXX Roman Reigns
100%
WrestleMania XXX Seth Rollins
100%
WrestleMania XIV Cactus Jack
71%
WrestleMania XIV Chainsaw Charlie
71%
WrestleMania XV Goldust
71%
WrestleMania 2000 Rikishi
71%
WrestleMania XV Val Venis
57%
WrestleMania XV Ken Shamrock
43%
No matching quizzes found
Score Distribution
Percent of People with Each Score
Percentile by Number Answered
Your Score History
You have not taken this quiz